| 000 | 00973nam0a2200265 4500 | ||
|---|---|---|---|
| 001 | RU\NLR\BIBL_A\011889003 | ||
| 005 | 20250626144145.0 | ||
| 010 | _91152 | ||
| 035 | _a(NLR Aleph) 011889003 | ||
| 090 |
_a13419895 _c13419895 |
||
| 100 | _a20181211d1932 |||y0rusy50 ca | ||
| 101 | 0 | _akir | |
| 102 | _aRU | ||
| 105 | _ay z 000yy | ||
| 200 | 1 |
_aЖибек кырттарынын оорулары _fВ. Д. Иштибен _gЖибекчилик сайузунун Орто-Азыйалык бѳлүмү _gкотор. Фазлуллин |
|
| 210 |
_aМосква _aТашкент _cСООГИЗ _d1932 |
||
| 215 |
_a16 с. _cил. _d17 |
||
| 300 | _aЛатин. графика | ||
| 541 | 1 |
_aБолезни шелковичных червей _zrus |
|
| 686 | 1 | _aП873.372 | |
| 700 | 1 |
_aШтибен _bВ. Д. _cмикробиолог _f1895-1966 _gВладимир Давидович _4070 |
|
| 852 |
_aNLR _bОНЛ _jКирг./2-692 |
||
| 942 | _cBOOK | ||
| 980 | _aNB | ||